[Event "Lindores Abbey Tal Blitz 2021"]
[Site "Riga"]
[Date "2021.11.08"]
[Round "5.26"]
[White "Swiercz, Dariusz"]
[Black "Rakhmanov, Aleksandr"]
[Result "1-0"]
[WhiteElo "2647"]
[BlackElo "2650"]
[Annotator "ChessBase"]
[PlyCount "211"]
[EventDate "2021.11.02"]
[EventType "swiss"]
[EventCountry "LAT"]
[SourceTitle "playchess.com"]
[Source "ChessBase"]
[SourceQuality "1"]

1. Nf3 Nf6 2. b3 g6 3. Bb2 Bg7 4. g3 O-O 5. Bg2 d5 6. c4 c6 7. O-O Bg4 8. d4
Bxf3 9. Bxf3 e6 10. Nc3 Nbd7 11. e3 a6 12. Rc1 Re8 13. Bg2 Qe7 14. Qe2 Rad8 15.
Rfd1 Rc8 16. Rc2 Rcd8 17. Qd2 Rc8 18. Qc1 Qd8 19. Ba3 Bf8 20. Bxf8 Kxf8 21. Ne2
Kg7 22. Nf4 Rb8 23. Nd3 Qe7 24. Qb2 Kg8 25. Rdc1 Rbd8 26. a4 a5 27. Qc3 Ra8 28.
Rb2 Ra7 29. Qd2 Rd8 30. Rbc2 Ne4 31. Qe1 Nd6 32. Qc3 Raa8 33. Qb2 Ra7 34. Qa3
Qf8 35. Rb2 Rda8 36. Rbb1 Nf5 37. Qxf8+ Kxf8 38. h4 h5 39. Bh3 Nd6 40. cxd5
cxd5 41. Rc7 b5 42. Rc6 Ke7 43. Nc5 b4 44. Rc1 Nxc5 45. R6xc5 Ne4 46. Rc7+ Kd8
47. R7c6 Nc3 48. Bf1 Rc7 49. Rxc7 Kxc7 50. Bd3 Kd6 51. Kg2 Rc8 52. Rc2 Rc7 53.
Rc1 Rc8 54. Rc2 Rg8 55. Rc1 f6 56. Rh1 e5 57. Re1 e4 58. Bf1 f5 59. Ba6 Ra8 60.
Bf1 Rc8 61. Rc1 Rc6 62. Rc2 Rc7 63. Kg1 Nxa4 64. Ra2 Nc3 65. Rxa5 Rc6 66. Ra8
Rb6 67. Rg8 Ke7 68. Ra8 Kf6 69. Kg2 Ke7 70. Ba6 Kf6 71. Bf1 Ke7 72. Ra7+ Kf6
73. Ba6 Nb1 74. Bb7 Rd6 75. Ra4 Rb6 76. Bxd5 Nc3 77. Ra5 Nb1 78. Ra7 g5 79.
hxg5+ Kxg5 80. Rg7+ Kf6 81. Rf7+ Kg6 82. Rc7 Kf6 83. Bf7 Kg5 84. Rc8 Rb7 85.
Be6 Rb6 86. Bf7 Rb7 87. Bd5 Rb5 88. Bc4 Rb6 89. d5 Nd2 90. Rc6 Rxc6 91. dxc6
Nxc4 92. bxc4 b3 93. c7 b2 94. c8=Q b1=Q 95. Qg8+ Kf6 96. Qh8+ Kg6 97. Qe8+ Kf6
98. Qd8+ Kg6 99. c5 Qc2 100. Qd6+ Kf7 101. c6 Qe2 102. Qd7+ Kg6 103. Qd6+ Kg5
104. c7 h4 105. gxh4+ Kxh4 106. Qg3+ 1-0

[Event "Lindores Abbey Tal Blitz 2021"]
[Site "Riga"]
[Date "2021.11.08"]
[Round "5.27"]
[White "Nihal Sarin"]
[Black "Jumabayev, Rinat"]
[Result "1-0"]
[WhiteElo "2650"]
[BlackElo "2658"]
[Annotator "ChessBase"]
[PlyCount "101"]
[EventDate "2021.11.02"]
[EventType "swiss"]
[EventCountry "LAT"]
[SourceTitle "playchess.com"]
[Source "ChessBase"]
[SourceQuality "1"]

1. Nf3 Nf6 2. c4 e6 3. Nc3 d5 4. d4 Nbd7 5. Bf4 dxc4 6. e3 Bd6 7. Bxd6 cxd6 8.
Bxc4 Nb6 9. Be2 Bd7 10. O-O Bc6 11. a4 a5 12. Qb3 O-O 13. Rfc1 Nbd5 14. Nb5 Nb4
15. Nd2 d5 16. Rc5 Nd7 17. Rc3 Nb6 18. Nf3 f6 19. Ne1 Qe7 20. Rac1 Rfc8 21. h3
Be8 22. Qa3 Rc6 23. Bf1 Kf8 24. Qa1 Bg6 25. Be2 h6 26. Nf3 Kg8 27. Nd2 Rac8 28.
Na7 Rxc3 29. bxc3 Ra8 30. Nb5 Nc6 31. Qa2 Rc8 32. Ra1 Qd7 33. Qb2 Na8 34. Nb3
b6 35. c4 dxc4 36. Nd2 Nb4 37. Nxc4 Nd3 38. Qb3 Nb4 39. Ncd6 Rd8 40. Bc4 Bf7
41. Rc1 Kf8 42. Nxf7 Kxf7 43. e4 Ke7 44. d5 exd5 45. exd5 Kf8 46. d6 Qc6 47.
Re1 Rxd6 48. Nxd6 Qxd6 49. Qf3 Nc7 50. Qb7 Qd8 51. Qxb6 1-0

[Event "Lindores Abbey Tal Blitz 2021"]
[Site "Riga"]
[Date "2021.11.08"]
[Round "5.28"]
[White "Cheparinov, Ivan"]
[Black "Durarbayli, Vasif"]
[Result "0-1"]
[WhiteElo "2677"]
[BlackElo "2629"]
[Annotator "ChessBase"]
[PlyCount "98"]
[EventDate "2021.11.02"]
[EventType "swiss"]
[EventCountry "LAT"]
[SourceTitle "playchess.com"]
[Source "ChessBase"]
[SourceQuality "1"]

1. d4 Nf6 2. c4 e6 3. Nf3 b6 4. g3 Bb7 5. Bg2 Bb4+ 6. Bd2 a5 7. O-O O-O 8. Bg5
Be7 9. Nc3 Ne4 10. Bxe7 Qxe7 11. Qc2 Nxc3 12. Qxc3 d6 13. Rfe1 Be4 14. Qe3 f5
15. Nh4 Bxg2 16. Nxg2 Nd7 17. Nf4 Rfe8 18. Qf3 Nf6 19. Qc6 g5 20. Ng2 Rad8 21.
Rad1 Qd7 22. Qxd7 Rxd7 23. f3 Rf7 24. c5 bxc5 25. dxc5 d5 26. Ne3 Rb8 27. b3 c6
28. Nc2 e5 29. Ne3 Nd7 30. Rc1 Rb5 31. g4 fxg4 32. fxg4 Rf4 33. h3 Kf7 34. Nf5
Ke6 35. e3 Rfb4 36. Rf1 a4 37. Ng7+ Ke7 38. Nf5+ Kd8 39. Ng7 axb3 40. axb3 Rxb3
41. Ne6+ Ke7 42. Nxg5 h6 43. Nf7 Rxe3 44. Nxh6 Rxh3 45. Nf5+ Ke6 46. Kg2 Ra3
47. Rce1 Rb2+ 48. Rf2 Rxf2+ 49. Kxf2 Nxc5 0-1

[Event "Lindores Abbey Tal Blitz 2021"]
[Site "Riga"]
[Date "2021.11.08"]
[Round "5.29"]
[White "Sadhwani, Raunak"]
[Black "Kravtsiv, Martyn"]
[Result "0-1"]
[WhiteElo "2609"]
[BlackElo "2616"]
[Annotator "ChessBase"]
[PlyCount "114"]
[EventDate "2021.11.02"]
[EventType "swiss"]
[EventCountry "LAT"]
[SourceTitle "playchess.com"]
[Source "ChessBase"]
[SourceQuality "1"]

1. e4 e5 2. Nf3 Nc6 3. Bc4 Nf6 4. d3 Bc5 5. c3 O-O 6. Bg5 h6 7. Bh4 Be7 8. Nbd2
d6 9. Nf1 Na5 10. Bb5 d5 11. Bxf6 Bxf6 12. Ne3 c6 13. Ba4 d4 14. cxd4 exd4 15.
Nf1 b5 16. Bc2 c5 17. Ng3 Nc6 18. O-O Re8 19. h3 a6 20. Nh2 c4 21. f4 Nb4 22.
Bb1 Bh4 23. Ne2 Bb7 24. e5 f6 25. a3 Nxd3 26. Bxd3 cxd3 27. Qxd3 fxe5 28. fxe5
Rxe5 29. Ng4 Qd5 30. Nf4 Qd6 31. Nxe5 Qxe5 32. Ng6 Qg5 33. Nxh4 Qxh4 34. Rad1
Rd8 35. Rd2 Be4 36. Qb3+ Kh7 37. Qe6 Bg6 38. Qxa6 Qg5 39. Qa5 d3 40. Qc3 Be4
41. Re1 Bg6 42. Rf2 Rd7 43. Qd2 Qc5 44. Rc1 Qd4 45. Kh1 Re7 46. Rc8 Re3 47.
Rff8 Be4 48. Qf2 d2 49. Rh8+ Kg6 50. Rxh6+ Kxh6 51. Qh4+ Kg6 52. Qg4+ Kf6 53.
Qf4+ Ke6 54. Re8+ Kd7 55. Qf7+ Kc6 56. Rc8+ Kb6 57. Qe6+ Ka5 0-1

[Event "Lindores Abbey Tal Blitz 2021"]
[Site "Riga"]
[Date "2021.11.08"]
[Round "5.30"]
[White "Donchenko, Alexander"]
[Black "Sjugirov, Sanan"]
[Result "1/2-1/2"]
[WhiteElo "2645"]
[BlackElo "2663"]
[Annotator "ChessBase"]
[PlyCount "143"]
[EventDate "2021.11.02"]
[EventType "swiss"]
[EventCountry "LAT"]
[SourceTitle "playchess.com"]
[Source "ChessBase"]
[SourceQuality "1"]

1. Nf3 d5 2. g3 Bg4 3. Bg2 Nd7 4. h3 Bh5 5. d4 e6 6. O-O Ngf6 7. c4 c6 8. Ne5
Be7 9. Nc3 Bg6 10. Nxg6 hxg6 11. b3 O-O 12. Bb2 a5 13. Qc2 Qb6 14. Rad1 Rfd8
15. h4 Qa6 16. cxd5 cxd5 17. Qd3 Qxd3 18. Rxd3 Rac8 19. Rdd1 b6 20. Rc1 Nb8 21.
Na4 Nbd7 22. e3 b5 23. Nc3 b4 24. Na4 Ne4 25. Rxc8 Rxc8 26. Rc1 Rxc1+ 27. Bxc1
Kf8 28. Kf1 f5 29. Ke1 Bd6 30. Bf1 Ke7 31. Bb5 Ndf6 32. Be2 Bc7 33. Bf3 g5 34.
hxg5 Nxg5 35. Be2 Nge4 36. a3 Bd6 37. axb4 Bxb4+ 38. Kf1 g5 39. Bd3 g4 40. Ke2
Kd6 41. Ba6 Kc7 42. Bb5 Nd6 43. Bd3 Nfe4 44. Bb2 Kc6 45. Ba6 Ng5 46. Nc3 Nf3
47. Nb1 Ne4 48. Bd3 Neg5 49. Bc3 Ne4 50. Bxb4 axb4 51. Bxe4 dxe4 52. Nd2 Ng1+
53. Kf1 Nh3 54. Nc4 Ng5 55. Ne5+ Kd6 56. Ke2 Nh7 57. Nf7+ Kc7 58. Kd2 Nf6 59.
Ng5 Kd6 60. Nf7+ Kc7 61. Ng5 Kd7 62. Nf7 Nd5 63. Ne5+ Kc7 64. Nf7 Ne7 65. Ng5
Kd7 66. Nf7 Nc6 67. Ne5+ Nxe5 68. dxe5 Kc6 69. Kd1 Kd5 70. Kd2 Kxe5 71. Kd1 Kf6
72. Kd2 1/2-1/2

[Event "Lindores Abbey Tal Blitz 2021"]
[Site "Riga"]
[Date "2021.11.08"]
[Round "5.31"]
[White "Ernst, Sipke"]
[Black "Grandelius, Nils"]
[Result "0-1"]
[WhiteElo "2532"]
[BlackElo "2669"]
[Annotator "ChessBase"]
[PlyCount "78"]
[EventDate "2021.11.02"]
[EventType "swiss"]
[EventCountry "LAT"]
[SourceTitle "playchess.com"]
[Source "ChessBase"]
[SourceQuality "1"]

1. d4 d5 2. c4 e6 3. Nf3 a6 4. c5 b6 5. cxb6 c5 6. e3 Nf6 7. Nc3 Nbd7 8. Be2
Nxb6 9. O-O Bd6 10. dxc5 Bxc5 11. b3 O-O 12. Bb2 Bd6 13. Qd4 Nbd7 14. Rfd1 e5
15. Qh4 Bb7 16. Rac1 Re8 17. Na4 Qe7 18. Rc2 Nf8 19. Nb6 Rad8 20. Qa4 Bc7 21.
Ba3 Bd6 22. Bxd6 Rxd6 23. Qb4 a5 24. Qc5 Ne4 25. Qxa5 Qd8 26. Nc4 dxc4 27. Qxd8
Rexd8 28. Rxd6 Nxd6 29. Nxe5 cxb3 30. axb3 Ng6 31. Nxg6 hxg6 32. f3 Kf8 33. b4
Ke7 34. Kf2 Rc8 35. Ra2 Rc3 36. g4 Rb3 37. Ra4 Rb2 38. h4 Nb5 39. Ke1 Rxe2+ 0-1

[Event "Lindores Abbey Tal Blitz 2021"]
[Site "Riga"]
[Date "2021.11.08"]
[Round "5.32"]
[White "Sethuraman, S.P.."]
[Black "Moussard, Jules"]
[Result "0-1"]
[WhiteElo "2620"]
[BlackElo "2632"]
[Annotator "ChessBase"]
[PlyCount "136"]
[EventDate "2021.11.02"]
[EventType "swiss"]
[EventCountry "LAT"]
[SourceTitle "playchess.com"]
[Source "ChessBase"]
[SourceQuality "1"]

1. d4 f5 2. Nc3 Nf6 3. Bg5 d5 4. e3 Be6 5. Bxf6 exf6 6. Bd3 Nc6 7. Qf3 Qd7 8.
Nge2 Nb4 9. Nf4 Bf7 10. a3 Nxd3+ 11. Nxd3 c6 12. Ne2 Bd6 13. Ng3 g6 14. h4 h5
15. Ne2 O-O-O 16. O-O-O Kb8 17. Kb1 Rhe8 18. Nc3 b6 19. Rhe1 g5 20. g3 Bg6 21.
Qg2 Re7 22. Nb4 a5 23. Nd3 Rde8 24. Qf3 f4 25. gxf4 Bf5 26. fxg5 Bg4 27. Qxf6
Re6 28. Qxe6 Qxe6 29. Rc1 Bf3 30. Rg1 Rf8 31. g6 Rg8 32. Nf4 Bxf4 33. exf4 Rxg6
34. Rge1 Qf7 35. Re5 Re6 36. Rg5 Qxf4 37. Rg8+ Ka7 38. Rcg1 Re7 39. R1g6 Rc7
40. Re8 Qxd4 41. Rxc6 Qd1+ 42. Nxd1 Rxc6 43. Ne3 d4 44. Nf5 d3 45. cxd3 Rf6 46.
Ne3 Be2 47. Re7+ Ka6 48. d4 Rxf2 49. d5 Bd3+ 50. Kc1 Rf6 51. Kd2 Bb5 52. Kc3
Ba4 53. Kd4 Rf4+ 54. Ke5 Rxh4 55. d6 Rh3 56. Nd5 Rb3 57. Nc7+ Kb7 58. Nb5+ Ka6
59. d7 Rxb5+ 60. Kd6 Rxb2 61. d8=Q Rd2+ 62. Kc7 Rxd8 63. Kxd8 Bd1 64. Re5 b5
65. Kc7 b4 66. axb4 axb4 67. Rd5 Bg4 68. Kc6 Bf3 0-1

[Event "Lindores Abbey Tal Blitz 2021"]
[Site "Riga"]
[Date "2021.11.08"]
[Round "5.33"]
[White "Zhou, Jianchao"]
[Black "Indjic, Aleksandar"]
[Result "1-0"]
[WhiteElo "2616"]
[BlackElo "2612"]
[Annotator "ChessBase"]
[PlyCount "59"]
[EventDate "2021.11.02"]
[EventType "swiss"]
[EventCountry "LAT"]
[SourceTitle "playchess.com"]
[Source "ChessBase"]
[SourceQuality "1"]

1. d4 Nf6 2. c4 c5 3. d5 e6 4. Nc3 exd5 5. cxd5 d6 6. e4 g6 7. f4 Bg7 8. Bb5+
Nfd7 9. a4 O-O 10. Nf3 Na6 11. O-O Nb4 12. Re1 a6 13. Bf1 Re8 14. Bd2 f5 15.
Qb3 fxe4 16. Nxe4 Nf6 17. Nxf6+ Bxf6 18. Rxe8+ Qxe8 19. Re1 Qd8 20. Bxb4 cxb4
21. Qxb4 Bg4 22. Ng5 Bxg5 23. fxg5 Qxg5 24. Qxd6 Rf8 25. Qg3 Qd2 26. d6 Qd4+
27. Qe3 Qxd6 28. Bc4+ Kh8 29. Qc3+ Qf6 30. Re8 1-0

[Event "Lindores Abbey Tal Blitz 2021"]
[Site "Riga"]
[Date "2021.11.08"]
[Round "5.34"]
[White "Volokitin, Andrei"]
[Black "Arabidze, Meri"]
[Result "1-0"]
[WhiteElo "2656"]
[BlackElo "2441"]
[Annotator "ChessBase"]
[PlyCount "115"]
[EventDate "2021.11.02"]
[EventType "swiss"]
[EventCountry "LAT"]
[SourceTitle "playchess.com"]
[Source "ChessBase"]
[SourceQuality "1"]

1. e4 c5 2. Nf3 e6 3. d4 cxd4 4. Nxd4 Nc6 5. Nc3 Qc7 6. Be3 a6 7. Qf3 Ne5 8.
Qg3 h5 9. h4 Nf6 10. O-O-O b5 11. Bf4 d6 12. Bxb5+ axb5 13. Ndxb5 Qb8 14. Nxd6+
Bxd6 15. Rxd6 Qxd6 16. Bxe5 Qe7 17. Qxg7 Rg8 18. Qxf6 Qxf6 19. Bxf6 Rxg2 20.
Rd1 Bd7 21. f3 Rf2 22. Rg1 Bc6 23. Rg3 Kd7 24. b3 Kc7 25. Kb2 Kb7 26. a4 Rc8
27. b4 Ka8 28. b5 Bb7 29. Kb3 Rf1 30. a5 Rc1 31. a6 Bxa6 32. bxa6 Rb8+ 33. Kc4
Rc8+ 34. Kd3 Ka7 35. Rg7 Rc7 36. Kd2 Rf1 37. Ke2 Rh1 38. Rh7 Kxa6 39. Rxh5 Rh2+
40. Kd3 Rd7+ 41. Kc4 Rc7+ 42. Kb3 Rb7+ 43. Kc4 Rc7+ 44. Rc5 Rd7 45. Rc8 Rxc2
46. Rh8 Rc7+ 47. Kd3 Rh2 48. h5 Rd7+ 49. Ke3 e5 50. h6 Rd6 51. Bg7 Rg6 52. Nd5
Rgg2 53. Bxe5 Re2+ 54. Kf4 Rh5 55. h7 Reh2 56. Ra8+ Kb7 57. h8=Q Rxh8 58. Rxh8
1-0

[Event "Lindores Abbey Tal Blitz 2021"]
[Site "Riga"]
[Date "2021.11.08"]
[Round "5.35"]
[White "Maghsoodloo, Parham"]
[Black "Miezis, Normunds"]
[Result "1-0"]
[WhiteElo "2706"]
[BlackElo "2446"]
[Annotator "TA"]
[PlyCount "74"]
[EventDate "2021.11.02"]
[EventType "swiss"]
[EventCountry "LAT"]
[SourceTitle "playchess.com"]
[Source "ChessBase"]
[SourceQuality "1"]

1. e4 c5 2. Nc3 e6 3. g3 Nc6 4. Bg2 g6 5. d3 Bg7 6. Be3 d6 7. Nge2 e5 8. h4 Nf6
9. Bg5 h6 10. Bxf6 Bxf6 11. Nd5 Bg7 12. h5 g5 13. Ne3 g4 14. Nc3 Qg5 15. Nb5
O-O 16. Nxd6 Rd8 17. Nxc8 Raxc8 18. Qxg4 Qxg4 19. Nxg4 Nb4 20. Ne3 b5 21. a3
Nc6 22. c3 Ne7 23. Ke2 Bf6 24. f4 c4 25. Rad1 cxd3+ 26. Rxd3 Rxd3 27. Kxd3 Bg7
28. Bh3 Rc6 29. Ke2 Rf6 30. Rf1 a5 31. Bd7 b4 32. cxb4 axb4 33. a4 exf4 34.
gxf4 Rd6 35. Bb5 Bxb2 36. Nc4 Rd4 37. Nxb2 Rxe4+ 1-0

[Event "Lindores Abbey Tal Blitz 2021"]
[Site "Riga"]
[Date "2021.11.08"]
[Round "5.36"]
[White "Rakotomaharo, Fy Antenaina"]
[Black "Van Foreest, Jorden"]
[Result "0-1"]
[WhiteElo "2487"]
[BlackElo "2701"]
[Annotator "TA"]
[PlyCount "70"]
[EventDate "2021.11.02"]
[EventType "swiss"]
[EventCountry "LAT"]
[SourceTitle "playchess.com"]
[Source "ChessBase"]
[SourceQuality "1"]

1. e4 c5 2. Nf3 e6 3. d4 cxd4 4. Nxd4 Qb6 5. Nb3 Nf6 6. Nc3 Nc6 7. Qe2 Bb4 8.
Bd2 O-O 9. a3 Be7 10. O-O-O d6 11. g4 Nd7 12. f4 a6 13. Bg2 Qc7 14. Kb1 b5 15.
Nd5 exd5 16. exd5 Nce5 17. fxe5 Nxe5 18. h3 Bd7 19. Nd4 Rac8 20. Bf4 Rfe8 21.
Bxe5 dxe5 22. Nc6 Qd6 23. Be4 Bg5 24. h4 Bf4 25. g5 Rf8 26. Rdg1 b4 27. a4 Kh8
28. h5 h6 29. gxh6 Bxh6 30. Qxa6 f5 31. Rg6 Rf6 32. Nxb4 Qxa6 33. Nxa6 fxe4 34.
b3 e3 35. c4 Bf5+ 0-1

[Event "Lindores Abbey Tal Blitz 2021"]
[Site "Riga"]
[Date "2021.11.08"]
[Round "5.37"]
[White "Munguntuul, Batkhuyag"]
[Black "Demchenko, Anton"]
[Result "0-1"]
[WhiteElo "2433"]
[BlackElo "2655"]
[Annotator "ChessBase"]
[PlyCount "40"]
[EventDate "2021.11.02"]
[EventType "swiss"]
[EventCountry "LAT"]
[SourceTitle "playchess.com"]
[Source "ChessBase"]
[SourceQuality "1"]

1. e4 e5 2. Nf3 Nc6 3. Bb5 a6 4. Ba4 d6 5. c3 Bd7 6. O-O g6 7. d4 Bg7 8. Bg5
Nge7 9. Qd2 h6 10. Be3 b6 11. Na3 Qc8 12. Rad1 b5 13. Bb3 Bg4 14. Qe2 exd4 15.
cxd4 g5 16. Rd3 O-O 17. h3 Bh5 18. Bd1 f5 19. exf5 Nxf5 20. g4 Nxe3 0-1

[Event "Lindores Abbey Tal Blitz 2021"]
[Site "Riga"]
[Date "2021.11.08"]
[Round "5.38"]
[White "Padmini, Rout"]
[Black "Kovalev, Vladislav"]
[Result "1-0"]
[WhiteElo "2353"]
[BlackElo "2634"]
[Annotator "ChessBase"]
[PlyCount "32"]
[EventDate "2021.11.02"]
[EventType "swiss"]
[EventCountry "LAT"]
[SourceTitle "playchess.com"]
[Source "ChessBase"]
[SourceQuality "1"]

1. Nf3 Nf6 2. g3 g6 3. Bg2 Bg7 4. O-O O-O 5. d4 d6 6. b3 e5 7. dxe5 dxe5 8. Ba3
e4 9. Bxf8 Qxf8 10. Nd4 e3 11. f4 Ng4 12. c3 Na6 13. Qc1 Qe7 14. Nc2 Nc5 15. h3
Nf6 16. Qxe3 Qf8 1-0

[Event "Lindores Abbey Tal Blitz 2021"]
[Site "Riga"]
[Date "2021.11.08"]
[Round "5.39"]
[White "Gunina, Valentina"]
[Black "Sarana, Alexey"]
[Result "0-1"]
[WhiteElo "2480"]
[BlackElo "2656"]
[Annotator "ChessBase"]
[PlyCount "100"]
[EventDate "2021.11.02"]
[EventType "swiss"]
[EventCountry "LAT"]
[SourceTitle "playchess.com"]
[Source "ChessBase"]
[SourceQuality "1"]

1. d4 Nf6 2. c4 e6 3. Nf3 d5 4. Nc3 Nbd7 5. Bg5 h6 6. Bh4 Be7 7. e3 O-O 8. Rc1
c6 9. Be2 dxc4 10. Bxc4 b5 11. Bd3 Bb7 12. O-O a6 13. a4 b4 14. Bxf6 Bxf6 15.
Ne4 Be7 16. Bb1 Rc8 17. Qc2 g6 18. Nc5 Nxc5 19. dxc5 Kg7 20. Ne5 Qe8 21. Rfd1
Rc7 22. Qe4 a5 23. Nc4 Bf6 24. Nxa5 Bxb2 25. Qxb4 Bxc1 26. Nxb7 Qb8 27. Qc3+
Kg8 28. Nd6 Bb2 29. Qc2 Be5 30. h4 h5 31. g4 hxg4 32. h5 f5 33. Qc4 Re7 34.
hxg6 Kg7 35. a5 Qb2 36. Qf1 g3 37. fxg3 Rh8 38. Qg2 Qc3 39. Qf2 Qxc5 40. Nf7
Rh6 41. Kg2 Bxg3 42. Kxg3 Rxg6+ 43. Kf3 Rxf7 44. Qh4 Qe7 45. Qd4+ Qf6 46. Qd6
Qg5 47. Qe5+ Kg8 48. Ke2 Qg2+ 49. Ke1 Qg1+ 50. Ke2 Rg2+ 0-1

[Event "Lindores Abbey Tal Blitz 2021"]
[Site "Riga"]
[Date "2021.11.08"]
[Round "5.40"]
[White "Harika, Dronavalli"]
[Black "Bluebaum, Matthias"]
[Result "0-1"]
[WhiteElo "2511"]
[BlackElo "2647"]
[Annotator "ChessBase"]
[PlyCount "100"]
[EventDate "2021.11.02"]
[EventType "swiss"]
[EventCountry "LAT"]
[SourceTitle "playchess.com"]
[Source "ChessBase"]
[SourceQuality "1"]

1. e4 e6 2. d4 d5 3. e5 c5 4. c3 Nc6 5. Nf3 Bd7 6. Be2 Nge7 7. O-O Nf5 8. Na3
cxd4 9. cxd4 Be7 10. Nc2 O-O 11. Bd3 f6 12. Bxf5 exf5 13. Re1 a5 14. Bf4 g5 15.
exf6 Bxf6 16. Be5 Be7 17. Nd2 f4 18. Rc1 Bf5 19. Na3 Nxe5 20. dxe5 Qb6 21. Nb3
Be6 22. Nd4 Rae8 23. Nxe6 Qxe6 24. Nb5 Rd8 25. Rc7 Bb4 26. Re2 f3 27. Re3 fxg2
28. Qh5 Qf5 29. Rf3 Qg6 30. Qxg6+ hxg6 31. Rxf8+ Kxf8 32. Nd4 Re8 33. e6 Bd6
34. Rf7+ Kg8 35. Rxb7 Be5 36. Nf3 Bf6 37. Rb6 g4 38. Ne1 Rc8 39. Kxg2 Kf8 40.
Nd3 Rc4 41. b3 Rd4 42. Nc5 Rd2 43. Rb7 Bh4 44. Rf7+ Ke8 45. Nb7 Be7 46. Nxa5
Rxa2 47. Nc6 Bc5 48. Kg3 Ra6 49. Rc7 Bd6+ 50. Kxg4 Bxc7 0-1

[Event "Lindores Abbey Tal Blitz 2021"]
[Site "Riga"]
[Date "2021.11.08"]
[Round "5.41"]
[White "Sasikiran, Krishnan"]
[Black "Saduakassova, Dinara"]
[Result "1-0"]
[WhiteElo "2640"]
[BlackElo "2491"]
[Annotator "ChessBase"]
[PlyCount "87"]
[EventDate "2021.11.02"]
[EventType "swiss"]
[EventCountry "LAT"]
[SourceTitle "playchess.com"]
[Source "ChessBase"]
[SourceQuality "1"]

1. d4 Nf6 2. c4 e6 3. Nf3 b6 4. g3 Ba6 5. Qc2 Bb7 6. Bg2 c5 7. d5 exd5 8. cxd5
Nxd5 9. O-O Be7 10. Rd1 Nc6 11. Qf5 Nf6 12. e4 O-O 13. Nc3 g6 14. Qf4 Qb8 15.
Qh4 Nh5 16. Bg5 Bxg5 17. Qxg5 Qd8 18. Qh6 Qf6 19. e5 Qg7 20. Qxg7+ Kxg7 21.
Rxd7 Nd8 22. Rad1 Bc6 23. Rc7 a5 24. Ng5 Bxg2 25. Kxg2 h6 26. Rxd8 Raxd8 27.
Ne6+ Kg8 28. Nxd8 Rxd8 29. Rc6 Re8 30. f4 Re6 31. Rxe6 fxe6 32. Na4 g5 33. Kf3
gxf4 34. g4 Ng7 35. Nxb6 Ne8 36. a4 Nc7 37. Nc4 Kf7 38. Nxa5 Nd5 39. Nb7 c4 40.
Nd6+ Kg6 41. h4 c3 42. bxc3 Nxc3 43. a5 Nd5 44. a6 1-0

[Event "Lindores Abbey Tal Blitz 2021"]
[Site "Riga"]
[Date "2021.11.08"]
[Round "5.43"]
[White "Yilmaz, Mustafa"]
[Black "Divya Deshmukh"]
[Result "1-0"]
[WhiteElo "2626"]
[BlackElo "2310"]
[Annotator "ChessBase"]
[PlyCount "73"]
[EventDate "2021.11.02"]
[EventType "swiss"]
[EventCountry "LAT"]
[SourceTitle "playchess.com"]
[Source "ChessBase"]
[SourceQuality "1"]

1. Nf3 d5 2. g3 Nd7 3. d4 b5 4. Bg2 Ngf6 5. a4 b4 6. O-O e6 7. c4 Bd6 8. c5 Be7
9. a5 Ba6 10. Bf4 Ne4 11. Nbd2 Nxd2 12. Qxd2 Rb8 13. Rfe1 O-O 14. h4 f6 15. e4
dxe4 16. Rxe4 e5 17. dxe5 Nxc5 18. Rd4 Qc8 19. Rxb4 Nd3 20. Rxb8 Qxb8 21. Bf1
Bb4 22. Qc2 fxe5 23. Nxe5 Nxf4 24. gxf4 Bxf1 25. Qb3+ Kh8 26. Rxf1 h6 27. Ng6+
Kh7 28. Nxf8+ Qxf8 29. Qd3+ Kh8 30. Qd4 Bd6 31. Qe4 Qf6 32. f5 Qxb2 33. Re1 Qf6
34. Kf1 Kh7 35. Qg4 Bc5 36. h5 Qd4 37. Qg6+ 1-0

[Event "Lindores Abbey Tal Blitz 2021"]
[Site "Riga"]
[Date "2021.11.08"]
[Round "5.44"]
[White "Meshkovs, Nikita"]
[Black "Arakhamia-Grant, Ketevan"]
[Result "1-0"]
[WhiteElo "2557"]
[BlackElo "2362"]
[Annotator "ChessBase"]
[PlyCount "68"]
[EventDate "2021.11.02"]
[EventType "swiss"]
[EventCountry "LAT"]
[SourceTitle "playchess.com"]
[Source "ChessBase"]
[SourceQuality "1"]

1. Nf3 Nf6 2. c4 g6 3. Nc3 Bg7 4. e4 d6 5. d4 O-O 6. h3 e5 7. d5 a5 8. g4 c6 9.
Be3 cxd5 10. cxd5 Na6 11. Nd2 Nd7 12. h4 Ndc5 13. a3 Bd7 14. h5 Rb8 15. Qf3 b5
16. Qh3 g5 17. h6 Bf6 18. Be2 Kh8 19. Qf3 Rg8 20. Kf1 Rg6 21. Kg2 Qf8 22. Nf1
Rxh6 23. Rxh6 Qxh6 24. Ng3 Qg6 25. Rh1 b4 26. axb4 Nxb4 27. Bxc5 dxc5 28. Nd1
Nc2 29. Nf5 Nd4 30. Qe3 Rb3 31. Nc3 Rxb2 32. Bc4 Rc2 33. Qd3 a4 34. Rb1 Bxf5
1-0

[Event "Lindores Abbey Tal Blitz 2021"]
[Site "Riga"]
[Date "2021.11.08"]
[Round "5.45"]
[White "Stefanova, Antoaneta"]
[Black "Buksa, Nataliya"]
[Result "1-0"]
[WhiteElo "2475"]
[BlackElo "2410"]
[Annotator "ChessBase"]
[PlyCount "51"]
[EventDate "2021.11.02"]
[EventType "swiss"]
[EventCountry "LAT"]
[SourceTitle "playchess.com"]
[Source "ChessBase"]
[SourceQuality "1"]

1. d4 d5 2. Nf3 Nf6 3. c4 e6 4. e3 b6 5. b3 Bb7 6. Bb2 Nbd7 7. Bd3 Bd6 8. O-O
O-O 9. Nbd2 Qe7 10. Ne5 Ne4 11. f4 f6 12. Nxd7 Qxd7 13. Nxe4 dxe4 14. Be2 Rad8
15. Qc2 c5 16. Rad1 Qc7 17. Rd2 cxd4 18. Bxd4 e5 19. fxe5 Bxe5 20. Bxe5 Qxe5
21. Rfd1 Qe7 22. Rxd8 Rxd8 23. Rxd8+ Qxd8 24. c5 bxc5 25. Qxc5 Qb6 26. Bc4+ 1-0

[Event "Lindores Abbey Tal Blitz 2021"]
[Site "Riga"]
[Date "2021.11.08"]
[Round "5.47"]
[White "Kosteniuk, Alexandra"]
[Black "Sukandar, Irine Kharisma"]
[Result "1/2-1/2"]
[WhiteElo "2518"]
[BlackElo "2406"]
[Annotator "ChessBase"]
[PlyCount "146"]
[EventDate "2021.11.02"]
[EventType "swiss"]
[EventCountry "LAT"]
[SourceTitle "playchess.com"]
[Source "ChessBase"]
[SourceQuality "1"]

1. e4 e5 2. Nf3 Nc6 3. Bb5 a6 4. Ba4 Nf6 5. d4 exd4 6. O-O Be7 7. e5 Ne4 8.
Nxd4 Nc5 9. Nf5 Ne6 10. Qg4 g6 11. Nxe7 Qxe7 12. Qg3 b5 13. Bb3 Bb7 14. c3
O-O-O 15. Be3 Rde8 16. f4 f6 17. exf6 Qxf6 18. Nd2 Ng7 19. Rae1 Nf5 20. Qf2
Nxe3 21. Rxe3 Rxe3 22. Qxe3 Ne7 23. Nf3 Nf5 24. Qe5 Qb6+ 25. Kh1 Rd8 26. Bd5
Kb8 27. Bxb7 Qxb7 28. Re1 Qb6 29. Nd4 Nd6 30. Qg5 Rf8 31. Qe7 Rf7 32. Qd8+ Kb7
33. Qh4 Qc5 34. Qg3 c6 35. h3 Qd5 36. b3 Ne4 37. Qf3 Nf6 38. g3 Qxf3+ 39. Nxf3
Nd5 40. c4 Nb4 41. a4 Kc7 42. Ng5 Rg7 43. axb5 axb5 44. cxb5 cxb5 45. Re4 Nc6
46. Kg2 h6 47. Nf3 Kb6 48. g4 Rf7 49. Kg3 Kc5 50. Ne5 Rg7 51. Nd3+ Kb6 52. Kf3
Na5 53. b4 Nc4 54. Re8 Rf7 55. Rg8 Rf6 56. Rg7 Kc6 57. Ke4 Nd6+ 58. Kd4 Nc4 59.
Ke4 Re6+ 60. Ne5+ Nxe5 61. fxe5 d6 62. Rh7 Rxe5+ 63. Kf4 h5 64. Rg7 hxg4 65.
hxg4 g5+ 66. Kf3 Kd5 67. Rg6 Kc6 68. Rf6 Kd5 69. Rg6 Kc6 70. Rf6 Rd5 71. Ke4
Re5+ 72. Kd4 Rd5+ 73. Ke4 Re5+ 1/2-1/2